[Event "PNWCC Online Masters WOO"]
[Site "Chess.com INT"]
[Date "2020.07.05"]
[Round "5.54"]
[White "Jiang, Leo1"]
[Black "Pradhyumna, Kumar K"]
[Result "1/2-1/2"]
[WhiteElo "1592"]
[BlackElo "1844"]
[PlyCount "99"]
[EventDate "2020.07.04"]
[EventType "swiss (rapid)"]
[EventRounds "9"]
[EventCountry "USA"]
[SourceTitle "CBM 197 Extra"]
[Source "ChessBase"]
[SourceDate "2020.09.30"]
[SourceVersion "1"]
[SourceVersionDate "2020.09.30"]
[SourceQuality "1"]

1. d4 c5 2. d5 e6 3. c4 b5 4. cxb5 a6 5. e4 axb5 6. Bxb5 Nf6 7. Nc3 Ba6 8. Bxa6 Rxa6 9. Nf3 Qc7 10. 0-0 e5 11. Bd2 h6 12. Qe2 d6 13. Rab1 Rb6 14. Na4 Ra6 15. Qb5+ Nfd7 16. Qc4 Qa7 17. Nc3 Be7 18. b4 cxb4 19. Qxb4 0-0 20. Be3 Qc7 21. Rfc1 Qd8 22. a4 Ra8 23. Nd2 Na6 24. Qa3 Nac5 25. Nb3 Bg5 26. Bxg5 Qxg5 27. Nxc5 Nxc5 28. Rd1 f5 29. exf5 Qxf5 30. Qa2 Qf4 31. g3 Qf3 32. Qd2 Nxa4 33. Nxa4 Rxa4 34. Qe3 Qg4 35. Re1 Rd4 36. Kg2 Kh7 37. h3 Qh5 38. Rb7 Qf5 39. Rb5 Rd3 40. Qe2 Rf3 41. Rb2 Qd3 42. Qxd3+ Rxd3 43. Rb5 Rd2 44. Rf1 Rf6 45. Ra5 Kg6 46. h4 Kh7 47. Rb5 Kg6 48. Ra5 Kh5 49. Rb5 Kg6 50. Ra5 1/2-1/2

[Event "PNWCC Online Masters WOO"]
[Site "Chess.com INT"]
[Date "2020.07.05"]
[Round "4.44"]
[White "Pradhyumna, Kumar K"]
[Black "Chen, Megan"]
[Result "0-1"]
[WhiteElo "1844"]
[BlackElo "1549"]
[PlyCount "66"]
[EventDate "2020.07.04"]
[EventType "swiss (rapid)"]
[EventRounds "9"]
[EventCountry "USA"]
[SourceTitle "CBM 197 Extra"]
[Source "ChessBase"]
[SourceDate "2020.09.30"]
[SourceVersion "1"]
[SourceVersionDate "2020.09.30"]
[SourceQuality "1"]

1. e4 c6 2. d4 d5 3. Nd2 dxe4 4. Nxe4 Bf5 5. Ng3 Bg6 6. Nf3 Nd7 7. c3 e6 8. h4 h6 9. Bf4 Ngf6 10. Qd2 Be7 11. Bd3 Bxd3 12. Qxd3 0-0 13. Qd2 c5 14. 0-0-0 b5 15. Bxh6 gxh6 16. Qxh6 Ng4 17. Qh5 Nxf2 18. Ng5 Nf6 19. Qe2 Nxh1 20. Rd3 Nd5 21. N3e4 Nf4 22. Qg4 Bxg5 23. Nxg5 Nxd3+ 24. Kd2 f5 25. Qh5 Qe7 26. Qg6+ Qg7 27. Qxe6+ Kh8 28. Kxd3 Rae8 29. Qc6 Nf2+ 30. Kd2 Ne4+ 31. Nxe4 fxe4 32. h5 Qxg2+ 33. Kc1 Rf1# 0-1

[Event "PNWCC Online Masters WOO"]
[Site "Chess.com INT"]
[Date "2020.07.05"]
[Round "6.46"]
[White "Pradhyumna, Kumar K"]
[Black "Ho, Carter"]
[Result "0-1"]
[WhiteElo "1844"]
[BlackElo "1415"]
[PlyCount "128"]
[EventDate "2020.07.04"]
[EventType "swiss (rapid)"]
[EventRounds "9"]
[EventCountry "USA"]
[SourceTitle "CBM 197 Extra"]
[Source "ChessBase"]
[SourceDate "2020.09.30"]
[SourceVersion "1"]
[SourceVersionDate "2020.09.30"]
[SourceQuality "1"]

1. e4 e5 2. Nf3 Nc6 3. Bb5 a6 4. Ba4 Nf6 5. 0-0 Be7 6. Re1 b5 7. Bb3 d6 8. c3 0-0 9. h3 Nb8 10. d3 Nbd7 11. Nbd2 Bb7 12. Nf1 Nc5 13. Bc2 Re8 14. Ng3 g6 15. Bh6 Bf8 16. Bxf8 Rxf8 17. Qd2 Kh8 18. b4 Ncd7 19. d4 Qe7 20. d5 Nb6 21. Bb3 c6 22. Rad1 cxd5 23. Qe3 Nc4 24. Bxc4 dxc4 25. Nh4 Rad8 26. Nf3 Ng8 27. Qb6 Bc8 28. Rd2 Rd7 29. Nf1 Qd8 30. Qe3 f6 31. g4 Bb7 32. Red1 Qc7 33. Ng3 Rfd8 34. g5 Qc6 35. gxf6 Nxf6 36. Re1 Rf8 37. Nh4 Re8 38. Qg5 Rf7 39. f3 Qd7 40. Kg2 Bc8 41. Rh1 Ng8 42. Kf2 Qd8 43. Qg4 Bxg4 44. hxg4 Qg5 45. Rxd6 Nf6 46. Ke2 Rd7 47. Rxa6 Rd2+ 48. Kf1 Rd1+ 49. Ke2 Rxh1 50. Nxh1 Qxh4 51. Nf2 Rd8 52. a4 bxa4 53. b5 Nd7 54. b6 Rb8 55. Ra7 Nxb6 56. Ke3 Qg5+ 57. Ke2 Rd8 58. Rb7 Rd2+ 59. Kf1 Qe3 60. Rb8+ Kg7 61. Rb7+ Nd7 62. Rxd7+ Rxd7 63. f4 Rd2 64. f5 Qxf2# 0-1

[Event "North Carolina op"]
[Site "Charlotte"]
[Date "2018.11.16"]
[Round "1"]
[White "Kumar, Arya"]
[Black "Pradhyumna, Kumar K"]
[Result "1-0"]
[WhiteElo "1619"]
[BlackElo "1574"]
[PlyCount "127"]
[EventDate "2018.11.16"]
[EventType "swiss"]
[EventRounds "5"]
[EventCountry "USA"]
[SourceTitle "CBM 187 Extra"]
[Source "ChessBase"]
[SourceDate "2018.11.04"]
[SourceVersion "1"]
[SourceVersionDate "2018.11.04"]
[SourceQuality "1"]

1. e4 c5 2. d4 cxd4 3. c3 dxc3 4. Nxc3 Nc6 5. Nf3 d6 6. Bc4 Nf6 7. e5 dxe5 8. Qxd8+ Kxd8 9. Ng5 Kd7 10. Nxf7 Rg8 11. Ng5 Rh8 12. Be3 e6 13. Bxe6+ Kc7 14. Bb3 Bb4 15. 0-0-0 Bxc3 16. bxc3 b6 17. Rhe1 Ng4 18. Nf7 Rf8 19. f3 Nxe3 20. Rxe3 Bf5 21. Nxe5 Nxe5 22. Rxe5 Rae8 23. Rde1 Rxe5 24. Rxe5 Kd6 25. Rd5+ Kc6 26. c4 a6 27. Kd2 Bg6 28. Re5 Rd8+ 29. Ke1 Rf8 30. Ba4+ Kd6 31. Rd5+ Ke6 32. Bd7+ Ke7 33. Ba4 Ke6 34. Bb3 Ke7 35. Ke2 Rc8 36. Ke3 Bf7 37. Rd4 Rc5 38. f4 Rc7 39. g4 Rc6 40. g5 Rc5 41. Re4+ Kd6 42. Kd4 Rc7 43. f5 Rc5 44. Rf4 a5 45. a4 Re5 46. h4 Re1 47. f6 g6 48. Re4 Rh1 49. Kd3 Rh3+ 50. Re3 Rxh4 51. c5+ bxc5 52. Bxf7 Rf4 53. Bc4 Rd4+ 54. Kc3 Rf4 55. f7 Kd7 56. Re8 Rf3+ 57. Kd2 Rf2+ 58. Ke3 Rc2 59. f8Q h5 60. Bb5+ Kc7 61. Rc8+ Kb7 62. Rb8+ Ka7 63. Ra8+ Kb6 64. Qb8# 1-0

[Event "Charlotte Southeastern op 3rd"]
[Site "Charlotte"]
[Date "2016.12.18"]
[Round "4"]
[White "Pradhyumna, Kumar K"]
[Black "Panuganti, Kireet V"]
[Result "0-1"]
[WhiteElo "1217"]
[BlackElo "2014"]
[PlyCount "128"]
[EventDate "2016.12.16"]
[EventType "swiss"]
[EventRounds "5"]
[EventCountry "USA"]
[SourceTitle "CBM 176 Extra"]
[Source "ChessBase"]
[SourceDate "2017.03.02"]
[SourceVersion "1"]
[SourceVersionDate "2017.03.02"]
[SourceQuality "1"]

1. e4 e6 2. d4 d5 3. e5 c5 4. c3 Nc6 5. Nf3 Nge7 6. Bd3 cxd4 7. cxd4 Nf5 8. Bxf5 exf5 9. 0-0 Be7 10. Nc3 Be6 11. a3 Rc8 12. Na4 Na5 13. b4 Nc4 14. Nd2 0-0 15. Nc5 b6 16. Nxe6 fxe6 17. Nxc4 Rxc4 18. f4 b5 19. Be3 a5 20. bxa5 Qxa5 21. Rf3 Rfc8 22. Rh3 g6 23. g4 Qa4 24. Qxa4 Rxa4 25. gxf5 gxf5 26. Rb1 Rb8 27. Kf2 Kh8 28. Rg1 Rg8 29. Rb1 b4 30. axb4 Rxb4 31. Rxb4 Bxb4 32. Rg3 Rxg3 33. hxg3 Kg7 34. Kf3 Kg6 35. g4 fxg4+ 36. Kxg4 h5+ 37. Kf3 Kf5 38. Bf2 Bc3 39. Be3 Be1 40. Ke2 Bg3 41. Kf3 Bh2 42. Bd2 Bg1 43. Bc3 h4 44. Be1 h3 45. Bd2 h2 46. Kg2 Ke4 47. Bc1 Bxd4 48. Kxh2 Bc3 49. Kg3 d4 50. f5 Kxf5 51. Kf3 Kxe5 52. Ke2 Ke4 53. Kd1 d3 54. Bh6 Kf3 55. Bc1 e5 56. Ba3 e4 57. Bc5 e3 58. Bxe3 Kxe3 59. Kc1 Ke2 60. Kb1 d2 61. Ka2 d1R 62. Kb3 Kd3 63. Ka3 Kc4 64. Ka2 Ra1# 0-1

[Event "Charlotte Southeastern op 3rd"]
[Site "Charlotte"]
[Date "2016.12.18"]
[Round "5"]
[White "Vanapalli, Vishnu Surya"]
[Black "Pradhyumna, Kumar K"]
[Result "0-1"]
[WhiteElo "1596"]
[BlackElo "1217"]
[PlyCount "98"]
[EventDate "2016.12.16"]
[EventType "swiss"]
[EventRounds "5"]
[EventCountry "USA"]
[SourceTitle "CBM 176 Extra"]
[Source "ChessBase"]
[SourceDate "2017.03.02"]
[SourceVersion "1"]
[SourceVersionDate "2017.03.02"]
[SourceQuality "1"]

1. e4 c5 2. Nf3 d6 3. Bb5+ Bd7 4. Bxd7+ Nxd7 5. d4 cxd4 6. Qxd4 Ngf6 7. 0-0 g6 8. c4 Bg7 9. Nc3 0-0 10. Qd3 Nc5 11. Qe2 a6 12. a4 Nb3 13. Ra3 Nxc1 14. Rxc1 Rc8 15. b3 Qa5 16. Ra2 Nd7 17. Nd5 Qd8 18. h3 e6 19. Nc3 b5 20. axb5 Bxc3 21. Rxc3 axb5 22. Rd2 bxc4 23. bxc4 Qa5 24. Rcc2 Ne5 25. Rxd6 Nxf3+ 26. Qxf3 Qb4 27. Qd3 Qe1+ 28. Kh2 Qa5 29. f4 Qc5 30. e5 Ra8 31. Qd4 Qb4 32. c5 Qb1 33. Re2 Ra1 34. c6 Qh1+ 35. Kg3 Ra3+ 36. Kh4 Qb1 37. Re3 Ra2 38. Rg3 Qe1 39. Qc3 Qf1 40. Qf3 Rf2 41. Qe3 Rxf4+ 42. Rg4 Rxg4+ 43. hxg4 Qxg2 44. c7 Qh2+ 45. Kg5 f6+ 46. exf6 Qxd6 47. Qa7 Qe5+ 48. Kh6 Qf4+ 49. g5 Qh2# 0-1

[Event "Charlotte Southeastern op 3rd"]
[Site "Charlotte"]
[Date "2016.12.17"]
[Round "2"]
[White "Pradhyumna, Kumar K"]
[Black "Mishra, Prateek"]
[Result "1/2-1/2"]
[WhiteElo "1217"]
[BlackElo "1872"]
[PlyCount "103"]
[EventDate "2016.12.16"]
[EventType "swiss"]
[EventRounds "5"]
[EventCountry "USA"]
[SourceTitle "CBM 176 Extra"]
[Source "ChessBase"]
[SourceDate "2017.03.02"]
[SourceVersion "1"]
[SourceVersionDate "2017.03.02"]
[SourceQuality "1"]

1. e4 e5 2. Nf3 Nc6 3. Bb5 a6 4. Ba4 Nf6 5. 0-0 Nxe4 6. Re1 Nc5 7. Bxc6 dxc6 8. Nxe5 Be7 9. d4 Ne6 10. Be3 0-0 11. c3 f6 12. Nf3 b6 13. Nbd2 c5 14. Qb3 Kh8 15. d5 Ng5 16. Bxg5 fxg5 17. Ne5 Bd6 18. Ndc4 Qf6 19. Qc2 b5 20. Nxd6 cxd6 21. Nc6 Bd7 22. f3 Bxc6 23. dxc6 Rac8 24. Qe4 Qf7 25. Rad1 Rfd8 26. Qd5 Qxd5 27. Rxd5 h6 28. Re7 Rxc6 29. Rf5 d5 30. Rff7 Rg6 31. Rd7 Rxd7 32. Rxd7 g4 33. f4 d4 34. cxd4 cxd4 35. Rxd4 Rc6 36. Rd2 Rc4 37. g3 Kh7 38. Kg2 Kg6 39. h3 Kf5 40. Re2 Rc5 41. Kh2 Rd5 42. a3 Rc5 43. Kg2 Rd5 44. Kh2 g5 45. fxg5 Kxg5 46. Rf2 gxh3 47. Kxh3 a5 48. Rf3 a4 49. b3 axb3 50. Rxb3 Kf5 51. Rb4 Kg5 52. a4 1/2-1/2

[Event "Charlotte Southeastern op 3rd"]
[Site "Charlotte"]
[Date "2016.12.17"]
[Round "3"]
[White "Zhu, Neo"]
[Black "Pradhyumna, Kumar K"]
[Result "1/2-1/2"]
[WhiteElo "1807"]
[BlackElo "1217"]
[PlyCount "127"]
[EventDate "2016.12.16"]
[EventType "swiss"]
[EventRounds "5"]
[EventCountry "USA"]
[SourceTitle "CBM 176 Extra"]
[Source "ChessBase"]
[SourceDate "2017.03.02"]
[SourceVersion "1"]
[SourceVersionDate "2017.03.02"]
[SourceQuality "1"]

1. e4 c5 2. c3 d6 3. d4 cxd4 4. cxd4 g6 5. Nc3 Bg7 6. h3 Nc6 7. Nf3 Nf6 8. d5 Nb8 9. Bd3 0-0 10. 0-0 Nbd7 11. Be3 a6 12. Rc1 b5 13. Qd2 Nc5 14. Bxc5 dxc5 15. Bb1 Nd7 16. Ne2 c4 17. Ned4 Bb7 18. a4 Qb6 19. Rfd1 Nc5 20. axb5 axb5 21. Qb4 Rfc8 22. Qxb5 Qxb5 23. Nxb5 Na4 24. e5 Nxb2 25. Rd4 Rc5 26. Nc3 Na4 27. Nxa4 Rxa4 28. Be4 f5 29. d6 Bc8 30. Bd5+ Kf8 31. Rdxc4 Raxc4 32. Rxc4 Rxc4 33. Bxc4 exd6 34. exd6 Ke8 35. Bg8 h6 36. Bh7 g5 37. Bg6+ Kd8 38. Kf1 Be6 39. Ke2 Kd7 40. Kd3 Kxd6 41. Nd4 Bxd4 42. Kxd4 f4 43. Be4 h5 44. Bg6 g4 45. h4 g3 46. fxg3 fxg3 47. Ke3 Bh3 48. Bxh5 Ke7 49. Bg4 Bxg4 50. Kf4 Bh3 51. Kxg3 Bxg2 52. Kxg2 Kf6 53. Kg3 Kg6 54. Kg4 Kh7 55. Kf5 Kh8 56. Kg6 Kg8 57. h5 Kh8 58. Kf6 Kh7 59. Kf5 Kh8 60. Kg5 Kh7 61. h6 Kh8 62. Kg6 Kg8 63. h7+ Kh8 64. Kh6 1/2-1/2

[Event "Charlotte Southeastern op 3rd"]
[Site "Charlotte"]
[Date "2016.12.16"]
[Round "1"]
[White "Wu, Derek"]
[Black "Pradhyumna, Kumar K"]
[Result "1-0"]
[WhiteElo "1932"]
[BlackElo "1217"]
[PlyCount "67"]
[EventDate "2016.12.16"]
[EventType "swiss"]
[EventRounds "5"]
[EventCountry "USA"]
[SourceTitle "CBM 176 Extra"]
[Source "ChessBase"]
[SourceDate "2017.03.02"]
[SourceVersion "1"]
[SourceVersionDate "2017.03.02"]
[SourceQuality "1"]

1. d4 Nf6 2. c4 g6 3. Nc3 d5 4. cxd5 Nxd5 5. Bd2 Bg7 6. e4 Nxc3 7. Bxc3 0-0 8. Bc4 Nc6 9. Ne2 a6 10. a4 Rb8 11. a5 Bd7 12. 0-0 Na7 13. d5 Bb5 14. b3 c6 15. Bxg7 Kxg7 16. Qd4+ e5 17. Qxa7 cxd5 18. Bxb5 axb5 19. Qc5 dxe4 20. Qxe5+ Qf6 21. Qxf6+ Kxf6 22. Nc3 Ke5 23. Rfe1 f5 24. Nxb5 Kd5 25. Rac1 Rbc8 26. Red1+ Ke5 27. g3 Rfd8 28. Kg2 Rxd1 29. Rxd1 Rc5 30. Nd6 Rxa5 31. Nc4+ Kf6 32. Nxa5 b6 33. Rd6+ Ke5 34. Nc4# 1-0